| 000 | 00429nam a2200169Ia 4500 | ||
|---|---|---|---|
| 008 | 230524s9999 xx 000 0 und d | ||
| 020 | _a9788179928196 | ||
| 082 |
_a320.954 _bGAN |
||
| 100 |
_aM.K. Gandhi _945122 |
||
| 245 | 0 | _aMy Experiments with Truth : An Autobiography | |
| 250 | _a1 | ||
| 260 |
_aDelhi _bjaico _c2019 |
||
| 300 | _a491p; | ||
| 500 | _aQuantity Number: 1 | ||
| 650 |
_aMiscellaneous _91877 |
||
| 942 | _cBK | ||
| 999 |
_c60746 _d60746 |
||